000 00880nam a2200253 a 4500
001 000025659
005 20200930023942.0
008 110216s1995 ag r 000 |aspa d
020 _a9501515605
040 _aDO-SdBNP
_bspa
_cBNPHU
041 _aspa
_heng
_2Código de idioma MARC
082 _axxx
_bR672d
100 1 _aRocha, Adriana,
_952398
240 0 _aA child of eternity.
_lEspañol
245 1 4 _aLos doce profetas menores /
_cAdriana Rocha, Kristi Jorde; edición Ballantine Books; traducción Edith Zilli; prólogo Joan Borysenko.
260 _aBuenos Aires :
_bJavier Vergara ,
_c1995.
300 _a281 p. ;
_c22 cm.
534 _aTítulo original :
_tA child of eternity.
700 1 _aJorde, Kristi ,
_952399
700 1 _aZilli, Edith,
_eed.
_93228
700 1 _aBooks, Ballantine ,
_etr.
_952400
700 1 _aBorysenko, Joan ,
_epról.
_952401
049 _aBNGR
999 _c25151
_d25151